000 00232nam a2200121Ia 4500
100 _aCARL NORDEN
942 _cBK
245 _aCELFIC & ANGLO SAXON PAINTING
260 _b#N/A
300 _a126
546 _aENGLISH
999 _c23171
_d23171